000125630 001__ 125630
000125630 005__ 20230420124057.0
000125630 037__ $$aTAZ-TFG-2022-1474
000125630 041__ $$aspa
000125630 1001_ $$aFélix Gómez, María
000125630 24200 $$aInternational Marketing Plan for Turbo S.A.
000125630 24500 $$aPlan de Marketing Internacional para Turbo S.A.
000125630 260__ $$aZaragoza$$bUniversidad de Zaragoza$$c2022
000125630 500__ $$aResumen disponible también en inglés.
000125630 506__ $$aby-nc-sa$$bCreative Commons$$c3.0$$uhttp://creativecommons.org/licenses/by-nc-sa/3.0/
000125630 520__ $$aEl objetivo del proyecto radica en posibilitar la ejecución de un Plan de Marketing Internacional para la empresa fabricante y distribuidora de bañadores y material deportivo acuático, Turbo S.A.; para ello, se han elaborado los análisis pertinentes para tal finalidad. En primera instancia, se ofrece una introducción del proyecto, con sus correspondientes objetivos y la intencionalidad de llevarlo a cabo, con las razones de internacionalización.<br />Una vez conocida la situación general, se ha desarrollado un análisis de situación, con el fin de obtener conclusiones derivadas del análisis DAFO a nivel interno; y a nivel externo, determinar los criterios pertinentes para la selección del mercado exterior: Australia; complementado con el necesario estudio de los principales factores del entorno, así como de los competidores, permitiendo escoger el método de entrada más apropiado y rentable, siendo éste la exportación indirecta. A continuación, se han diseñado las estrategias de Marketing Mix, adaptándolas al mercado internacional e incidiendo, principalmente, en la comunicación.<br />Por último, se han estimado las ventas que se prevé que obtenga la empresa en el mercado de destino seleccionado, además de la rentabilidad económica del plan, ofreciendo medidas de control y una serie de conclusiones sobre el proyecto internacional planteado.<br /><br />
000125630 521__ $$aGraduado en Marketing e Investigación de Mercados
000125630 540__ $$aDerechos regulados por licencia Creative Commons
000125630 700__ $$aDelso Aranaz, Mª Dolores$$edir.
000125630 7102_ $$aUniversidad de Zaragoza$$bDirección de Márketing e Investigación de Mercados$$cComercialización e Investigación de Mercados
000125630 8560_ $$f775897@unizar.es
000125630 8564_ $$s1022554$$uhttps://zaguan.unizar.es/record/125630/files/TAZ-TFG-2022-1474_ANE.pdf$$yAnexos (spa)
000125630 8564_ $$s2595002$$uhttps://zaguan.unizar.es/record/125630/files/TAZ-TFG-2022-1474.pdf$$yMemoria (spa)
000125630 909CO $$ooai:zaguan.unizar.es:125630$$pdriver$$ptrabajos-fin-grado
000125630 950__ $$a
000125630 951__ $$adeposita:2023-04-20
000125630 980__ $$aTAZ$$bTFG$$cECON
000125630 999__ $$a20220616153207.CREATION_DATE